| 000 | 00655nam a22002175a 4500 | ||
|---|---|---|---|
| 008 | 161102b xxu||||| |||| 00| 0 eng d | ||
| 020 | _a9789350144114 | ||
| 040 |
_aEG-ScBUE _bENG _cEG-ScBUE |
||
| 082 | 0 | 4 |
_222 _a363.7 _bDHA |
| 100 | 1 | _aDhameja, Suresh K. | |
| 245 | 1 | 0 |
_aEnvironmental engineering and management / _cSuresh K. Dhameja. |
| 250 | _a2nd ed. | ||
| 260 |
_aNew Delhi : _bS.K. Kataria & sons ; _c2014. |
||
| 300 |
_axxiv, 496 p. : _bill. ; _c20 cm. |
||
| 500 | _aIncludes bibliographical references. | ||
| 590 | _ashima | ||
| 650 | 7 |
_2BUEsh _aEnvironmental engineering |
|
| 651 | _2BUEsh | ||
| 653 |
_bENGGEN _cNovember2016 |
||
| 942 | _2ddc | ||
| 999 |
_c22983 _d22955 |
||